000 00550nam a22002057a 4500
003 OSt
005 20180316145200.0
008 180316b xxu||||| |||| 00| 0 eng d
020 _a9780132051576
040 _cDNLM
082 _aQZ50 S943h 2009
100 _aSudbery, Peter; Sudbery, Ian
_912529
245 _aHuman Molecular Genetics
250 _a3rd ed.
260 _aEngland; Pearson, 2009
300 _axiv,445p; col.ill: 23.5cm
504 _aReferences, glossary, & index included
650 _aHuman genetics
_99397
942 _2z
_cB_BANK
999 _c6044
_d6044